Faculty of Law Library — Cairo University

Official Online Catalog

Code D'instruction Criminelle. (Record no. 70100)

MARC details
000 -LEADER
fixed length control field 01199nam a2200325 i 4500
003 - CONTROL NUMBER IDENTIFIER
control field EG-GICUC
005 - DATE AND TIME OF LATEST TRANSACTION
control field 20260411141049.0
008 - FIXED-LENGTH DATA ELEMENTS--GENERAL INFORMATION
fixed length control field 260411s19111915ua db||fr|||| 001 0 eng d
040 ## - CATALOGING SOURCE
Original cataloging agency EG-GICUC
Language of cataloging fre
Transcribing agency EG-GICUC
Modifying agency EG-GICUC
Description conventions rda
041 0# - LANGUAGE CODE
Language code of text/sound track or separate title fre
082 04 - DEWEY DECIMAL CLASSIFICATION NUMBER
Edition number 21
Classification number 343.3
Item number P O . C
092 04 - LOCALLY ASSIGNED DEWEY CALL NUMBER (OCLC)
Edition number 21
099 ## - LOCAL FREE-TEXT CALL NUMBER (OCLC)
Classification number Law1 10 343.3 P O . C 1915
100 0# - MAIN ENTRY--PERSONAL NAME
Personal name G. Le Poittevin
Relator term Auteur
245 10 - TITLE STATEMENT
Title Code D'instruction Criminelle.
Number of part/section of a work Tome Premier,
Name of part/section of a work (Art. 1 à 309) /
Statement of responsibility, etc. Aunots Par G. Le Poittevin.
264 #1 - PRODUCTION, PUBLICATION, DISTRIBUTION, MANUFACTURE, AND COPYRIGHT NOTICE
Place of production, publication, distribution, manufacture Paris :
Name of producer, publisher, distributor, manufacturer Librairie De La Société Du Recueil Général Des Lois Et Des Arrets,
Date of production, publication, distribution, manufacture, or copyright notice 1915.
300 ## - PHYSICAL DESCRIPTION
Extent 1254 pages ;
Dimensions 26 Cm.
336 ## - CONTENT TYPE
Source rda content
Content type term text
337 ## - MEDIA TYPE
Source rda media
Media type term Computer
338 ## - CARRIER TYPE
Source rda carrier
Carrier type term Online Resource
500 ## - GENERAL NOTE
General note Recueil General Des Los Abrets<br/>Journal De Palair.
500 ## - GENERAL NOTE
General note Avec La Collaboration Des Rédacteurs<br/>Du Recueil Genéral Des Lois Et Des Arrets<br/>Et Du Journal Du Palar
504 ## - BIBLIOGRAPHY, ETC. NOTE
Bibliography, etc. note Comprend des références bibliographiques.<br/><br/>
546 ## - LANGUAGE NOTE
Language note Texte en français
650 1# - SUBJECT ADDED ENTRY--TOPICAL TERM
Source of heading or term Droit pénal
651 1# - SUBJECT ADDED ENTRY--GEOGRAPHIC NAME
Source of heading or term qrmak
856 40 - ELECTRONIC LOCATION AND ACCESS
Uniform Resource Identifier <a href="https://fll.law.cu.edu.eg/fulltext/bks/B10-09019.pdf">https://fll.law.cu.edu.eg/fulltext/bks/B10-09019.pdf</a>
905 ## - Cataloger and Reviser Names
Cataloger Name: Omar
942 ## - ADDED ENTRY ELEMENTS (KOHA)
Source of classification or shelving scheme Dewey Decimal Classification
Suppress in OPAC No
Koha item type Books
Edition 21
Holdings
Withdrawn status Lost status Source of classification or shelving scheme Damaged status Not for loan Collection Home library Current library Date acquired Total checkouts Full call number Barcode Date last seen Copy number Price effective from Koha item type
    Dewey Decimal Classification   Not for loan القانون الجنائي جــــامعة القــاهرة مكتبة كلية الحقوق - المبنى الرئيسي 11.04.2026   Law1 10 343.3 P O . C 1915 1009019 V1, C1 B10-09019 11.04.2026 1 11.04.2026 Books
    Dewey Decimal Classification     القانون الجنائي جــــامعة القــاهرة مكتبة كلية الحقوق - المبنى الرئيسي 14.04.2026   Law1 10 343.3 P O . C 1915 1009020 V1, C2 B10-09020 14.04.2026 2 14.04.2026 Books
    Dewey Decimal Classification     القانون الجنائي جــــامعة القــاهرة مكتبة كلية الحقوق - المبنى الرئيسي 21.04.2026   Law2 10 343.3 P O . C 1915 1010310 V1, C3 B10-10310 21.04.2026 3 21.04.2026 Books

© All rights reserved — Faculty of Law, Cairo University